| 000 | 00786nam a2200205Ii 4500 | ||
|---|---|---|---|
| 003 | JO-AjNU | ||
| 008 | 230605s9999||||xx |||||||||||||| ||und|| | ||
| 040 |
_aJO-AjNU _bara _erda _cJO-AjNU |
||
| 041 | _aara | ||
| 050 | 1 | 4 | _aBP173.75.A3288 1988 |
| 100 | 3 |
_aعفر، محمد عبد المنعم, _eauthor _956325 |
|
| 245 | 0 | 0 | _aالنظرية الإقتصادية بين الإسلام والفكر الإقتصادي المعاصر: التوظف وعلاج التقلبات الإقتصادية، مج3 |
| 250 | _aط1 | ||
| 264 | 3 | 1 | _aقبرص: بنك فيصل الاسلامي،1988 |
| 300 | _aمج3، 518ص | ||
| 336 |
_atext _btxt _2rdacontent |
||
| 337 |
_aunmediated _bn _2rdamedia |
||
| 338 |
_avolume _bnc _2rdacarrier |
||
| 650 | 4 |
_aالاقتصاد الاسلامي _956326 |
|
| 999 |
_aA25175 _c28743 _d28743 |
||